Obnova strechy Starej radnice

Bibliographic Details
Main Author: Jezná, Jitka (Author)
Format: Article
Language:Slovak
PhysicalDescription:Fotogr. 3
Subjects:

MARC

LEADER 00000nab a2200000 a 4500
001 vtls000513424
003 SK-MaSNL
005 20260304085328.0
008 250425c1994 xo 0 slo
015 |a SNBRB19rr/mm-uuuuu 
035 |a CL0513562 
035 |a (urnnbn)urn:nbn:sk:snk:ar-0029rt 
035 |a (uuid)4a938c78-148e-45a6-ae89-bcc1ff77e5fb 
035 |a urn:nbn:sk:snk-ab7r55 
040 |a SNKBUCL  |b slo  |c SNKBUCL  |e AACR2 
041 0 |a slo 
044 |a xo  |c SK 
080 |a 725.13(437.6)  |2 1981 
080 |a 719(437.6)  |2 1981 
100 1 |a Jezná, Jitka  |4 aut  |9 471709 
245 1 0 |a Obnova strechy Starej radnice  |c Jitka Jezná 
300 |b Fotogr. 3 
610 2 7 |a Stará radnica (Bratislava, Slovensko)  |2 snkbucl  |9 52959 
655 7 |a články z novín a časopisov  |2 snkbucl  |9 267496 
773 0 |t Pamiatky a múzeá  |g Roč. 43, č. 2 (1994), s. 10 
850 |a Slovenská národná knižnica 
852 |a Slovenská národná knižnica 
954 |a odborná, vedecká literatúra pôvodná (slovenská)  |2 lita 
957 |a 5100 
958 |a article9 
958 |a OND 
958 |a RK 
958 |a EUIPO 
992 |a RBX 
999 |c 2807539  |d 2809469